[Event "San Francisco TNM Max Wilkerson op"]
[Site "San Francisco"]
[Date "2009.09.15"]
[Round "7"]
[White "Manvelyan, Hayk"]
[Black "Chernobilskiy, Mikhail"]
[Result "1/2-1/2"]
[WhiteElo "2071"]
[BlackElo "1792"]
[PlyCount "87"]
[EventDate "2009.08.03"]
[EventType "swiss"]
[EventRounds "9"]
[EventCountry "USA"]
[SourceTitle "EXT 2012"]
[Source "ChessBase"]
[SourceDate "2011.11.24"]
[SourceVersion "1"]
[SourceVersionDate "2011.11.24"]
[SourceQuality "1"]

1. e4 g6 2. d4 Bg7 3. c4 c6 4. Nc3 d6 5. f4 h5 6. Nf3 Bg4 7. Be3 e6 8. Be2 Ne7 9. h3 Bxf3 10. Bxf3 Qa5 11. 0-0 Nd7 12. Qd3 Rb8 13. a3 a6 14. b4 Qc7 15. Rac1 0-0 16. g4 hxg4 17. hxg4 f6 18. Rc2 Kf7 19. f5 e5 20. fxg6+ Kxg6 21. d5 c5 22. g5 Rh8 23. Rg2 Kf7 24. Bg4 b6 25. Be6+ Ke8 26. gxf6 Bxf6 27. Bxd7+ Qxd7 28. Rxf6 Qh3 29. Nd1 Qh1+ 30. Kf2 Qh4+ 31. Ke2 Qxf6 32. Bg5 Qf7 33. Ne3 Qh5+ 34. Kd2 Rg8 35. Bxe7 Rxg2+ 36. Nxg2 Kxe7 37. Qg3 Rf8 38. Nh4 Qh6+ 39. Kc2 Kd8 40. Nf5 Qh5 41. Qg7 Rxf5 42. exf5 Qxf5+ 43. Kc3 Qf3+ 44. Kb2 1/2-1/2

[Event "San Francisco TNM Max Wilkerson op"]
[Site "San Francisco"]
[Date "2009.09.01"]
[Round "5"]
[White "Chernobilskiy, Mikhail"]
[Black "Todortsev, Victor"]
[Result "1-0"]
[WhiteElo "1792"]
[BlackElo "1945"]
[PlyCount "39"]
[EventDate "2009.08.03"]
[EventType "swiss"]
[EventRounds "9"]
[EventCountry "USA"]
[SourceTitle "EXT 2012"]
[Source "ChessBase"]
[SourceDate "2011.11.24"]
[SourceVersion "1"]
[SourceVersionDate "2011.11.24"]
[SourceQuality "1"]

1. e4 c5 2. Nf3 Nf6 3. Nc3 Nc6 4. d4 cxd4 5. Nxd4 d6 6. Bg5 Qa5 7. Bb5 Bd7 8. Nb3 Qb6 9. Qd2 Nxe4 10. Nxe4 Qxb5 11. 0-0-0 e6 12. Rhe1 Rc8 13. Nbc5 Nb4 14. Nxd6+ Bxd6 15. Qxd6 f6 16. Rxe6+ Kf7 17. Qe7+ Kg8 18. Rxd7 Nd3+ 19. Nxd3 Qxg5+ 20. f4 1-0

[Event "San Francisco TNM Max Wilkerson op"]
[Site "San Francisco"]
[Date "2009.08.25"]
[Round "4"]
[White "Salvo, Tab"]
[Black "Chernobilskiy, Mikhail"]
[Result "0-1"]
[WhiteElo "1698"]
[BlackElo "1792"]
[PlyCount "56"]
[EventDate "2009.08.03"]
[EventType "swiss"]
[EventRounds "9"]
[EventCountry "USA"]
[SourceTitle "EXT 2012"]
[Source "ChessBase"]
[SourceDate "2011.11.24"]
[SourceVersion "1"]
[SourceVersionDate "2011.11.24"]
[SourceQuality "1"]

1. Nf3 d6 2. c4 g6 3. g3 Bg7 4. Bg2 f5 5. d3 Nf6 6. 0-0 0-0 7. Nc3 e5 8. e4 a5 9. exf5 gxf5 10. Qb3 Nc6 11. Bg5 Qe8 12. Rfe1 Be6 13. a3 Rb8 14. Qd1 Qf7 15. Bd2 h6 16. Nb5 f4 17. Nh4 e4 18. Bxf4 exd3 19. Qxd3 Bxc4 20. Qd2 Bxb5 21. Bxh6 Bxh6 22. Qxh6 Nd4 23. Ng6 Qg7 24. Qxg7+ Kxg7 25. Nxf8 Rxf8 26. Rab1 Nc2 27. Re6 Kf7 28. Rxf6+ Kxf6 0-1

[Event "San Francisco TNM Spring op"]
[Site "San Francisco"]
[Date "2009.05.05"]
[Round "8"]
[White "Askin, Michael"]
[Black "Chernobilskiy, Mikhail"]
[Result "0-1"]
[WhiteElo "1731"]
[BlackElo "1801"]
[PlyCount "60"]
[EventDate "2009.03.16"]
[EventType "swiss"]
[EventRounds "8"]
[EventCountry "USA"]
[SourceTitle "EXT 2012"]
[Source "ChessBase"]
[SourceDate "2011.11.24"]
[SourceVersion "1"]
[SourceVersionDate "2011.11.24"]
[SourceQuality "1"]

1. d4 d5 2. c4 c6 3. Nf3 Nf6 4. Nc3 dxc4 5. a4 Bf5 6. Ne5 e6 7. f3 Bb4 8. e4 Bxe4 9. fxe4 Nxe4 10. Qf3 Qxd4 11. Qxf7+ Kd8 12. Nxc4 Rf8 13. Qxf8+ Bxf8 14. Bg5+ Nxg5 15. Rd1 Qxd1+ 16. Kxd1 Bb4 17. Bd3 g6 18. Rf1 Ke7 19. Ne5 Bd6 20. Ng4 Nd7 21. h4 Nf7 22. Ne4 Nde5 23. Ngf2 Nxd3 24. Nxd3 Rf8 25. Kc2 b6 26. Nc1 Be5 27. Nd3 Bg7 28. Nb4 Ne5 29. Rd1 Rf4 30. Re1 Rxh4 0-1

[Event "San Francisco TNM Spring op"]
[Site "San Francisco"]
[Date "2009.04.21"]
[Round "6"]
[White "Sanguinetti, George A"]
[Black "Chernobilskiy, Mikhail"]
[Result "1/2-1/2"]
[WhiteElo "2010"]
[BlackElo "1801"]
[PlyCount "94"]
[EventDate "2009.03.16"]
[EventType "swiss"]
[EventRounds "8"]
[EventCountry "USA"]
[SourceTitle "EXT 2012"]
[Source "ChessBase"]
[SourceDate "2011.11.24"]
[SourceVersion "1"]
[SourceVersionDate "2011.11.24"]
[SourceQuality "1"]

1. f4 Nf6 2. g3 d5 3. Nh3 h5 4. Nf2 Bf5 5. d3 Nc6 6. Bg2 Qd7 7. 0-0 0-0-0 8. c3 h4 9. Nd2 hxg3 10. hxg3 e5 11. e4 dxe4 12. dxe4 Bg4 13. Qe1 Bc5 14. Nb3 Bxf2+ 15. Rxf2 Qd1 16. Be3 Qxe1+ 17. Rxe1 Nh5 18. fxe5 Nxe5 19. Nc1 b6 20. Bf4 Nd3 21. Nxd3 Rxd3 22. Bf1 Nxf4 23. gxf4 Bf3 24. Rh2 Rxh2 25. Kxh2 Rd1 26. Ba6+ Kd8 27. Re3 Bh5 28. Kg3 Rd2 29. b4 Ke7 30. a4 f6 31. Bc4 Bf7 32. Rd3 Rxd3+ 33. Bxd3 Kd6 34. Bc2 a6 35. Kf3 c5 36. Ke3 Bc4 37. Bd1 cxb4 38. cxb4 a5 39. bxa5 bxa5 40. Kd4 Ba2 41. e5+ fxe5+ 42. fxe5+ Ke7 43. Be2 g5 44. Ke4 Bb3 45. Bb5 Be6 46. Bc6 g4 47. Kf4 Kd8 1/2-1/2

[Event "San Francisco TNM Spring op"]
[Site "San Francisco"]
[Date "2009.03.17"]
[Round "2"]
[White "Chernobilskiy, Mikhail"]
[Black "Star, Spencer"]
[Result "1-0"]
[WhiteElo "1801"]
[BlackElo "1097"]
[PlyCount "105"]
[EventDate "2009.03.16"]
[EventType "swiss"]
[EventRounds "8"]
[EventCountry "USA"]
[SourceTitle "EXT 2012"]
[Source "ChessBase"]
[SourceDate "2011.11.24"]
[SourceVersion "1"]
[SourceVersionDate "2011.11.24"]
[SourceQuality "1"]

1. e4 d5 2. exd5 Qxd5 3. Nc3 Qd6 4. d4 Nf6 5. g3 e6 6. Bg2 Nc6 7. Nf3 g6 8. 0-0 Bg7 9. Re1 a6 10. Bf4 Qd7 11. d5 Nd8 12. Nd4 Qe7 13. Bg5 0-0 14. Qd2 c6 15. dxc6 bxc6 16. Nxc6 Nxc6 17. Bxc6 Bb7 18. Nd5 Qc5 19. Bxf6 exd5 20. Bxb7 Bxf6 21. Bxa8 Rxa8 22. c3 Rb8 23. Rad1 Rd8 24. h4 h5 25. Re3 Kg7 26. Rd3 a5 27. Rxd5 Rxd5 28. Qxd5 Qxd5 29. Rxd5 a4 30. Ra5 g5 31. hxg5 Bd8 32. Rd5 a3 33. b4 h4 34. gxh4 f6 35. f4 fxg5 36. hxg5 Bxg5 37. fxg5 Kg6 38. Rd6+ Kxg5 39. Re6 Kf5 40. Re3 Kf6 41. Kf2 Kf5 42. Kf3 Kf6 43. Kf4 Kf7 44. Kf5 Kg7 45. Re6 Kf7 46. Ke5 Kf8 47. Kf6 Kg8 48. Re7 Kf8 49. Ke6 Kg8 50. Rf7 Kh8 51. Kf6 Kg8 52. Kg6 Kh8 53. Rf8# 1-0